| 000 | 01137 a2200229 4500 | ||
|---|---|---|---|
| 001 | 43811 | ||
| 005 | 20260407155718.0 | ||
| 008 | 260407a1979 arg spa d | ||
| 003 | AR-UNSa-BCEJYS | ||
| 040 |
_aAR-UNSa-BCEJYS _bspa _cAR-UNSa-BCEJYS |
||
| 080 |
_a101.1 _xNaturaleza de la filosofía. La filosofía como ciencia. La filosofía como arte (pensamiento filosófico) |
||
| 245 | 1 | 0 | _aIntroducción a la filosofía de la ciencia |
| 020 | _a84-254-0426-6 | ||
| 250 | _a2a. ed. | ||
| 264 | 1 |
_aBarcelona : _bHerder _c1979 |
|
| 300 |
_a303 p. _c20 cm. |
||
| 505 | _aParte primera: 1. Las creencias en que vivimos - 2. Ciencias y sentido común - 3. Tipos de explicación - 4. Estructura de las explicaciones - 5. Las explicaciones probabilísticas - Parte segunda: - 6. El estadio deductivo de una investigación - 7. Determinismo y causalidad - 8. Las explicaciones teleológicas - 9. Metología de las ciencias sociales - 10. Las explicaciones en las ciencias sociales - 11. Problemas especiales de la historia. | ||
| 041 | _aspa | ||
| 942 | _cBK | ||
| 590 | _aniveau_biblio:m niveau_hierar:0 | ||
| 100 | 1 | _aHegenberg, Leónidas | |
| 999 |
_c3720 _d3720 |
||